Представление документа в формате MARC21

Поле Инд. ПП Название Значение
Тип записи a
Библиографический уровень m
001 Контрольный номер 404f64dcc61e4ca595c715f6e4ec10af
005 Дата корректировки 20211228113326.0
008 Кодируемые данные 211227|||||||||ru |||||||||||||||||rus||
041 0_ a Код языка текста rus
084 a Индекс другой классификации/Индекс ББК 63.3(2)622,88
090 a Полочн. индекс 63.3(2)622
x Авторский знак П 90
100 1_ a Автор Путин В. В. (Президент Российской Федерации)
203 a Вид содержания Текст
c Тип средства непосредственное
245 10 a Заглавие 75 лет Великой Победы: общая ответственность перед историей и будущим
260 a Место издания Москва
b Издательство Известия
c Дата издания 2020
300 a Объем 90, [1] с.
504 a Библиография Библиогр. в подстроч. примеч.
520 0_ a Аннотация В издании приводится полный текст статьи Владимира Владимировича Путина "75 лет Великой Победы: общая ответственность перед историей и будущим".В своей работе, опираясь на архивные материалы и свидетельства современников, Президент России подробно анализирует причины начала Второй мировой войны, размышляет о ее сложных событиях, трагедиях и победах, высказывает свое мнение о том, почему все чаще современные западные политики пытаются переписать историю, очернить или замолчать великий подвиг советского солдата. Издание дополнено приложением с выдержками из архивных документов
650 04 a Основная рубрика Великая Отечественная война, 1941-1945-Документы и материалы
650 04 a Основная рубрика Вторая мировая война, 1939-1945-Документы и материалы
653 0_ a Ключевые слова Великая Отечественная война 1941-1945 гг.
a Ключевые слова Вторая мировая война 1939-1945 гг.
a Ключевые слова Документы о войне
a Ключевые слова История СССР
900 a Имя макрообъекта Путин В.В. 75 лет Великой Победы
901 t Тип документа m